000 00447cam a2200169ua 4500
041 _aeng
_h
082 _a582.13
_bCOU/MO
100 _aCoulter, John Merle .
245 _aMorphology of angiosperms /
_cJohn Merle Coulter.
_hTextual Documents
250 _a1 /
_b.
260 _aAllahabad :
_bCentral Book Depot ,
_c1965.
300 _a348 ; .
504 _a
700 1 _aChamberlain, Charles Joseph .
942 _cBK
999 _c9072
_d9072